Las cabezas sin hombres /
¡Tararí, tarará! La vieja brujería de un zapatero cabezón transforma la granja de doña Carmela y siembra el terror en todo el pueblo. Suceden cosas horribles y escalofriantes hasta que por fin alguien pronuncia las palabras salvadoras: ¡Hasta que te hiervan! ¡Hasta que te hiervan!
Guardado en:
| Autor Principal: | |
|---|---|
| Otros Autores: | |
| Formato: | Libro |
| Idioma: | Undetermined |
| Publicado: |
Buenos Aires :
Libros del Quirquincho,
1993.
|
| Materias: | |
| Etiquetas: |
Agregar Etiqueta
Sin Etiquetas, Sea el primero en etiquetar este registro!
|
| LEADER | 01061nam a22002295a 4500 | ||
|---|---|---|---|
| 001 | CEM.cems020309 | ||
| 008 | 230807s1993####ag############000#0#und#d | ||
| 005 | 20230807143722.0 | ||
| 245 | 1 | 0 | |a Las cabezas sin hombres / |c Víctor Iturralde Rúa ; ilustrado por Elena Torres. |
| 260 | |a Buenos Aires : |b Libros del Quirquincho, |c 1993. | ||
| 300 | |a 48 p. | ||
| 520 | |a ¡Tararí, tarará! La vieja brujería de un zapatero cabezón transforma la granja de doña Carmela y siembra el terror en todo el pueblo. Suceden cosas horribles y escalofriantes hasta que por fin alguien pronuncia las palabras salvadoras: ¡Hasta que te hiervan! ¡Hasta que te hiervan! | ||
| 020 | |a 9509732249 | ||
| 100 | 1 | |a Iturralde Rúa, Víctor. | |
| 700 | 1 | |a Torres, Elena ; il. | |
| 653 | |a Literatura infantil y juvenil | ||
| 653 | |a Literatura argentina | ||
| 653 | |a Novela infantil | ||
| 653 | |a Novela argentina | ||
| 653 | |a Terror | ||
| 859 | |a CEMS |b BIB. CEMS - Inicial y Primaria |h A863.4 |i It8 |k IP |p 1400 |t Ej.1 | ||
| 859 | |a CEMS |b BIB. CEMS - Inicial y Primaria |h A863.4 |i It8 |k IP |p 2294 |t Ej.2 | ||
